00257nam a2200109Ia 4500008004100000020001500041100001900056245002800075250001100103260001400114300001900128180205s9999 xx 000 0 und d a9812405798 aConnor O', Bob aStrength training today a2nd ed aUSAc2000 aiii, 192 pages